000 00495nam a22001932 4500
001 0000002107
005 20170406113955.0
008 140217s xx 000 0 eng d
020 _c$
040 _aYour Holding Symbol
_cYour Holding Symbol
100 1 _aHamel,Gary.
245 1 0 _aCompeting for the future.
250 _a ed.
260 _aBoston :
_bPrahalad,
_c1994.
300 _a327 p. :
_bill ;
_c cm.
504 _aindex.
650 0 _acompetion.
908 _a140217
999 _c2012
_d2012